TV Shows with Musical Episode Quiz Stats

 Plays Quiz Updated Oct 28, 2017

Challenge
Share
Tweet
Score 0/20 Timer 06:00
4 Plays Today
% Correct
Buffy the Vampire Slayer
92.6%
Futurama
81.9%
That '70s Show
81.4%
Scrubs
74.7%
Daria
70.3%
Xena: Warrior Princess
60.1%
It's Always Sunny in Philadelphia
57.3%
Psych
55%
Community
53.9%
Grey's Anatomy
45.5%
% Correct
Batman: The Brave and the Bold
43.4%
Ally McBeal
39.5%
OZ
36.4%
Once Upon a Time
35.2%
Fringe
29.1%
The Flash
27.8%
Even Stevens
16.2%
Supernatural
11.3%
Raising Hope
9.8%
The Fosters
4%

You're not logged in!

Compare scores with friends on all Sporcle quizzes.
OR
Log In

You Might Also Like...

Show Comments

Extras

Top Quizzes Today


Score Distribution

Your Account Isn't Verified!

In order to create a playlist on Sporcle, you need to verify the email address you used during registration. Go to your Sporcle Settings to finish the process.

Report this User

Report this user for behavior that violates our Community Guidelines.

Details: